000 00706nam a22001937a 4500
005 20251108172910.0
008 250721s2002 xx 000 0 ara d
082 1 4 _aم/213.63/بسا
100 1 _aآل بسام، عبد الله بن عبدالرحمن بن صالح
245 1 0 _aتيسير العلام شرح عمدة الأحكام للشيخ عبد الغني المقدسي /
264 1 _aالرياض :
_bمكتبة نزار مصطفى الباز،
_c2002.
300 _a
650 1 7 _aالأحاديث
650 1 7 _aالأحكام الشرعية
650 1 7 _aالفقه الإسلامي
700 1 _aإبراهيم، عبد المنعم
_eed.
942 _2ddc
_cREF
999 _c91283
_d91283